00254nam a2200097Ia 4500008004100000100002600041245002800067260003500095260000900130999001700139170620s9999 xx 000 0 und d aKrishnamacharyulu- V. 0aEnvironmental education bNew Delhi- Neelkamal Pvt. Ltd. c2007 c25129d25129